00650nam a2200229Ia 4500001001000000003000500010008004100015010001100056040000900067082001600076100001700092245012500109260003100234300001000265650003000275650002200305650002600327650002100353700001800374700001700392710001100409Para_2185CHAP220125s199? xx 000 0 und d a200607 cCHAP aPA 633.1 W3 aWarham, E.J. aEnsayos para la semilla de maíz y de trigo :b Manual de laboratorio /c por E.J. Warham; L.D. Butler and B.C. Sutton aMéxico, D.F. :b CIMMYT a84 p. aMaíz x enférmedades  aMaíz x plagas  aTrigo x enfermedades aTrigo x plagas  aButler, L.D.  aSutton, B.C. aCIMMYT